000 00414nam a2200169Ia 4500
008 230711s9999||||xx |||||||||||||| ||und||
020 _a978-81-775-8407-3
041 _aENG
082 _a372.6
_bRU-B
100 _aRutherfoord,Andrea J
245 0 _aBasic Communication Skills for Technology
250 _a2nd Ed.
260 _c2006
_aNew Delhi
_bPearson
300 _a399p.
650 _aPharmacy
942 _cBK
999 _c7252
_d7252